Food product development: from concept to the marketplace

Saved in:
Bibliografiske detaljer
Main Authors: Graf, Ernst (Author), Sagury, Israel Sam (Author)
Format: Bog
Sprog:engelsk
Udgivet: Nueva York Chapman and Hall 1991
Serier:<An >Avi book
Fag:
Tags: Tilføj Tag
Ingen Tags, Vær først til at tagge denne postø!

MARC

LEADER 00000nam a2200000 a 4500
001 UCV3837
003 CL-VaPUC
008 930729e19910000US |||||||||||||||||eng|d
082 0 4 |a 664.006  |b GRA  |2 21 
100 0 |a Graf, Ernst  |e author  |9 298225 
700 0 |a Sagury, Israel Sam  |e author  |9 298226 
245 1 0 |a Food product development: from concept to the marketplace 
300 |a 441 p 
942 |c BK 
945 |d 19930729 00:00:00  |a mfernand 
260 |a Nueva York  |b Chapman and Hall  |c 1991 
650 0 |a Alimentos   |x Comercialización   |9 259932 
650 7 |a INDUSTRIAS ALIMENTICIAS  |2 CL-VaPUC  |9 298227 
583 |a last modification  |c 19930729 00:00:00  |k Rodrigo Vera 
490 0 |a <An >Avi book 
999 |c 210959  |d 210957 
952 |0 0  |1 0  |4 0  |6 664_006000000000000_GRA_1991  |7 0  |8 A  |9 188067  |a BIBALI  |b BIBALI  |c GEN  |d 2019-11-14  |i 2555328  |o 664.006 GRA 1991  |p 2555328  |r 2025-01-20  |w 2019-11-14  |y BK  |k ALI 
952 |0 0  |1 0  |4 0  |6 664_006000000000000_GRA_1991  |7 0  |8 A  |9 188068  |a BIBALI  |b BIBALI  |c GEN  |d 2019-11-14  |i 2970252  |o 664.006 GRA 1991  |p 2970252  |r 2025-01-20  |w 2019-11-14  |y BK  |k ALI 
952 |0 0  |1 0  |4 0  |6 664_006000000000000_GRA_1991  |7 0  |8 A  |9 188069  |a BIBALI  |b BIBALI  |c GEN  |d 2019-11-14  |i 335136K  |o 664.006 GRA 1991  |p 335136K  |r 2025-01-20  |w 2019-11-14  |y BK  |k ALI 
952 |0 0  |1 0  |4 0  |6 664_006000000000000_GRA_1991  |7 0  |8 A  |9 188070  |a BIBING  |b BIBING  |d 2019-11-14  |i 3545571  |o 664.006 GRA 1991  |p 3545571  |r 2025-01-20  |w 2019-11-14  |y BK  |k ING